Developing Web Components: Ui From Jquery To Polymer (Record no. 350126)
[ view plain ]
| 000 -LEADER | |
|---|---|
| fixed length control field | 00414nam a2200109Ia 4500 |
| 008 - FIXED-LENGTH DATA ELEMENTS--GENERAL INFORMATION | |
| fixed length control field | 171211s9999 xx 000 0 und d |
| 245 ## - TITLE STATEMENT | |
| Title | Developing Web Components: Ui From Jquery To Polymer |
| 245 ## - TITLE STATEMENT | |
| Statement of responsibility, etc | Jarrod Overson and Jason Strimpel |
| 260 ## - PUBLICATION, DISTRIBUTION, ETC. (IMPRINT) | |
| Date of publication, distribution, etc | 2015 |
| 650 ## - SUBJECT ADDED ENTRY--TOPICAL TERM | |
| General subdivision | Web Development |
| 856 ## - ELECTRONIC LOCATION AND ACCESS | |
| Uniform Resource Identifier | <a href="https://docs.google.com/spreadsheets/d/1TBWZhI-07a-DZ4fE7lslYtxl1Xz5tEnX6E0Tsto4IXI/edit?ts=5a1e1782#gid=1373124554">https://docs.google.com/spreadsheets/d/1TBWZhI-07a-DZ4fE7lslYtxl1Xz5tEnX6E0Tsto4IXI/edit?ts=5a1e1782#gid=1373124554</a> |
| Withdrawn status | Lost status | Damaged status | Home library | Current library | Date acquired | Total Checkouts | Date last seen | Price effective from | Koha item type |
|---|---|---|---|---|---|---|---|---|---|
| College Library | College Library | 12/11/2017 | 12/11/2017 | 12/11/2017 | Curriculum - Based eBooks |